A Brief Introduction to: Quantitative Chemical Analysis

Bibliographic Details
Main Authors: Fischer, Robert.B., Peters, Dennis G.
Format: Section = Libro
Language:Undetermined
Spanish
Published: London Saunders Company 1969
Subjects:
LEADER 00612nam a2200205Ia 4500
008 240830s9999 xx 000 0 und d
040 |a CEDOC FIQ-RUSB / 543 F529 
041 |a spa 
082 |a 543 F529 
100 1 |a Fischer, Robert.B. 
100 1 |b Peters, Dennis G. 
245 1 2 |a A Brief Introduction to: Quantitative Chemical Analysis 
260 |a London  |b Saunders Company  |c 1969 
300 |a 537 p.: il. 
650 7 |a QUIMICA ANALITICA 
650 7 |b  LA NATURALEZA DE LA QUÍMICA ANALÍTICA 
650 7 |c  OPERACIÓN Y HERRAMIENTAS DE QUÍMICA ANALÍTICA 
942 |c BK  |2 ddc 
991 |a TEXTO 
999 |c 13689